=LDR 00000nam 2200000 4500 =001 NUTBA000000000004167 =005 20140904085246.0 =006 =007 =008 =020 ##$$a 978-602-97078-6-1 =035 ##$$a 0010-091400000000200 =040 ##$$a NBPDMAT =082 ##$$a 613.7 =084 ##$$a 613.7 Rai a =100 ##$$a Raisa Nuha Mulatl Aiwah =245 ##$$a Awet Muda Tetap Cantik dan Sehat Alami / $c Raisa Nuha Mulatl Aiwah =250 ##$$a Cet. 1 =260 ##$$a Yogyakarta : $b Easy Media, $c 2012 =300 ##$$a vi, 156 hlm. : $b ilus. ; $c 19 cm. =500 ##$$a Bibliografi : hlm. 156 =650 ##$$a Pemeliharaan Dan Kesehatan =990 ##$$a 21408062